000 01103nam a22002417a 4500
003 OSt
005 20250827110424.0
008 240308b ||||| |||| 00| 0 eng d
040 _c0
082 _aDPer 621.317 Ie21 July 2022 v.37 n. 7
100 _aLumbreras, David.
_eauthor.
_954178
245 _aFast-processing sigma—delta strategies for three-phase wide-bandgap power converters with common-mode voltage reduction /
_cDavid Lumbreras, Jordi Zaragoza, Néstor Berbel, Juan Mon, Eduardo Gálvez, and Alfonso Collado
260 _aNew York ;
_bThe Institute of Electrical and Electronics Engineers, Inc. ,
_cJuly 2022.
300 _avolume 37, pages 7989-8000 :
_billustration ;
_c28 cm.
500 _a IEEE Transactions on Power Electronics, vol. 37, no. 7, pages 7989-8000, July 2022.
700 _aLumbreras, David.
_eauthor.
_954178
700 _aZaragoza, Jordi.
_eauthor.
_954179
700 _aBerbel, Néstor.
_eauthor.
_954180
700 _aMon, Juan.
_eauthor.
_954181
700 _aGálvez, Eduardo.
_eauthor.
_954182
700 _aCollado, Alfonso.
_eauthor.
_954183
942 _2ddc
_cPER
999 _c19563
_d19563